000
00327nam a22001457a 4500
008
210305b ||||| |||| 00| 0 eng d
020
_a
9780321694331
041
_a
eng
080
_2
10th
_a
51
082
_a
51
100
_a
36
101
_a
MAT
245
_a
Calculus and its Applications
_c
Bittinger, M.L
942
_2
udc
_c
BK
999
_c
55798
_d
55798